British Commonwealth Flags - Statistics

General Stats
  • This quiz has been taken 18 times
  • The average score is 57 of 76
Answer Stats
Picture Answer % Correct
India
100%
Nigeria
100%
Wales
100%
Australia
93%
Bahamas
93%
England
93%
Jamaica
93%
Nauru
93%
New Zealand
93%
Pakistan
93%
Scotland
93%
Seychelles
93%
South Africa
93%
Sri Lanka
93%
Tonga
93%
Antigua and Barbuda
87%
Brunei
87%
Cameroon
87%
Canada
87%
Cyprus
87%
Kenya
87%
Kiribati
87%
Malaysia
87%
Malta
87%
Samoa
87%
Singapore
87%
Tanzania
87%
Uganda
87%
Bangladesh
80%
Belize
80%
Dominica
80%
Eswatini
80%
Ghana
80%
Grenada
80%
Isle of Men
80%
Malawi
80%
Maldives
80%
Mozambique
80%
Namibia
80%
Saint Lucia
80%
Saint Vincent and the Grenadines
80%
Sierra Leone
80%
Trinidad and Tobago
80%
Tuvalu
80%
Vanuatu
80%
Zambia
80%
Botswana
73%
Gibraltar
73%
Guernsey
73%
Jersey
73%
Lesotho
73%
Mauritius
73%
Papua New Guinea
73%
Rwanda
73%
Solomon Islands
73%
The Gambia
73%
Barbados
67%
Fiji
67%
Guyana
67%
Montserrat
67%
Saint Kitts and Nevis
67%
Bermuda
60%
Cook Islands
60%
Falkland Islands
60%
Northern Ireland
60%
Anguilla
53%
British Virgin Islands
53%
Niue
53%
Saint Helena
53%
Norfolk Island
47%
Cayman Islands
40%
British Indian Ocean Territory
33%
Pitcairn Islands
27%
British Antarctic Territory
20%
South Georgia and the South Sandwich Islands
20%
Turks and Caicos Islands
20%
No matching quizzes found
Score Distribution
Percent of People with Each Score
Percentile by Number Answered
Your Score History
You have not taken this quiz